000 00515nam a2200193 a 4500
001 1770806978318
003 YourLibrary
005 20260211162328.0
008 260211s2011##################000#0#eng##
020 _a9781844078639
082 0 4 _a333.794
_bDEV
100 1 _aDevine-Wright, Patrick,
_eauthor.
245 1 0 _aRenewable Energy and the Public :
260 _bRoutledge,
_c2011.
300 _a370 pages
650 0 _aBusiness & Economics.
942 _cENGLISH
040 _aYourLibrary
_beng
_cYourLibrary
999 _c611862
_d611862